01551nam a2200277 a 450000100100000000500170001000800410002704000250006808200180009311101020011124500680021324601050028126000360038630000200042250000600044250000340050259000250053665000710056171000960063291000370072895201310076595201220089695201160101895201220113499900170125600003012120200930060047.0110429s2010 dr 000 0 spa d aDO-SdBNPbspacBNPHU a001.42bC749s2 aCongreso Interdisciplinario de Investigación Científica.n(6 :d2010 :cSanto Domingo)95680710aVI congreso interdisciplinario de investigación científica.12aSexto congreso interdisciplinario de investigación científica :bprograma y libro de resúmenes aSanto Domingo :bMESCYT,c2010. a98 p. ;c28 cm. aIncluye índice apellidos, nombres, numero de resumen. aTexto en inglés y español aInventariado,2018/DG 4aInvestigación científicaxCongresos, conferencias, etc.9568081 aRepública Dominicana.bMinisterio de Educación Superior, Ciencia y Tecnología.956809 aValidado. Control de calidad MFF 001054708DSaGRbGRcHDd2014-07-17iLF1l0o001.42 C749sp30121-30r2020-06-25te. 3w2020-06-25yLFDSZPréstamo en sala 0010718DSaGRbGRcHDd2018-05-10iLF1l0o001.42 C749sp30121-40r2020-06-25te. 4w2020-06-25yLFDSZNo se presta 0010718PDaPDbPDcHDd2011-04-29iLF1l0o001.42 C749sp30121-10r2020-06-25w2020-06-25yLFPDZNo se presta 0010718PDaPDbPDcHDd2014-07-17iLF1l0o001.42 C749sp30121-20r2020-06-25te. 2w2020-06-25yLFPDZNo se presta c29613d29613